000 00337nam a2200169Ia 4500
100 _aHickman/Ian
650 _aHandbook
250 _a3
942 _cBK
366 _f20
654 _aRF
245 _aNewnes practical RF Handbook
260 _bNewnes
_c2002
082 _a621.3615
_bHIC
300 _a279
546 _aENGLISH
_cTTL
999 _c18193
_d18193